000 00516nam a2200157 4500
001 125734
003 ES-MaACL
005 20230906192705.0
007 t|
008 070214s1948 sp r ||||1| spa d
100 1 _aGrau Campuzano, Carlos.
_959748
245 1 0 _aRégimen legal de las aparcerías y arrendamientos ganaderos
_b: disposiciones legales sobre la materia /
_cpor Carlos Grau Campuzano.
260 _aBilbao :
_bBarquín,
_c1948.
300 _a79 p. ;
_c17 cm.
852 _aES-MaACL
_j1887-F-11
_bR.26082
999 _c125734
_d125734